00797 a2200205 4500003000500000005001700005040000900022082001200031100003200043245005600075260002300131300001500154505023200169538003000401650001600431651001100447942000800458999001900466952010600485Nust20170207153549.0 cNust a621.382 aSharif, Muhammad (MSEE-02) aSpeech compression at low bit ratecMuhammad Sharif bMCScDecember 1999 aviii, 75 p aIntroduction (page-1), Speech and techniques (page-5), Linear predictive coding (page-25), LPC to LSP coefficient conversion (page-48), Implementation and results of speech compression algorithm (page-57), Conclusion (page-65). aAlmirah no 72 shelf no. 1 aMSEE Thesis aMSEE-2 cTHS c188789d188789 00102ddc40708NFICaMCSbMCSd2016-12-12l0o621.382 SHApMCSTEE-180r2016-12-08w2016-12-12yBK